00334nam a2200121Ia 4500008004000000020001800040082001700058100001700075245003300092260005900125300000800184650002000192210210b1989 xxu||||| |||| 00| 0 eng d a81 85273 18 9 a330.954 SINI aSINGH (R L). aIndia: a regional geography. aVaranasibNational Geographical Society of Indiac1989 a992 aIndia Geography